| 000 | 00568nam a2200205Ia 4500 | ||
|---|---|---|---|
| 005 | 20250923144832.0 | ||
| 008 | 008 250917s9999 xx 000 0 eng d | ||
| 037 | _aTextual | ||
| 040 |
_aDSWL _beng _cDSWL |
||
| 041 |
_aeng _2eng |
||
| 084 |
_aS:56, K62 _qDSWL |
||
| 100 |
_aMckenzie, J.G. _9828898 |
||
| 245 | 0 |
_aGuilt its meaning and significance _cby J.G. Mckenzie |
|
| 260 |
_aLondon _bGeorgeAllen & Unwin _c1962 |
||
| 300 | _a192p. | ||
| 365 |
_aINR _b21 |
||
| 925 | _g21 | ||
| 942 |
_cTEXL _hS:56, K62 |
||
| 999 |
_c1443939 _d1443939 |
||